[Event "Saint Denis op"]
[Site "Saint Denis"]
[Date "2022.10.13"]
[Round "5"]
[White "Lai Cheung Kit, Lucie"]
[Black "Erudel, Irina"]
[Result "0-1"]
[WhiteElo "1009"]
[BlackElo "1199"]
[PlyCount "52"]
[EventDate "2022.10.13"]
[EventType "swiss"]
[EventRounds "9"]
[EventCountry "RUF"]
[SourceTitle "EXT 2024"]
[Source "ChessBase"]
[SourceDate "2023.10.10"]
[SourceVersion "1"]
[SourceVersionDate "2023.10.10"]
[SourceQuality "1"]

1. e4 e5 2. Nf3 Nc6 3. Bb5 Nf6 4. 0-0 Nxe4 5. Re1 d5 6. d3 Nf6 7. Nxe5 Be7 8. Nxc6 bxc6 9. Bxc6+ Bd7 10. Bxd7+ Qxd7 11. Nc3 0-0 12. Bg5 Rae8 13. Bxf6 Bxf6 14. Rxe8 Rxe8 15. Qd2 Qe6 16. Qe3 Qd7 17. Qh3 Qc6 18. Qh5 Re5 19. Qg4 Re8 20. Qf5 d4 21. Nd5 Qxc2 22. Nxc7 Qxc7 23. Qb5 Qe7 24. Kf1 Qe2+ 25. Kg1 Qe1+ 26. Rxe1 Rxe1# 0-1